01016cam a22002895a 45000010009000000050017000090080041000260200015000670200022000820200018001040400018001220820017001401000028001572450050001852600058002353000050002935000029003435040051003726500040004236500025004636510010004886530020004986550024005189420008005429990017005509520159005671235434420150531143735.0010321r20022001enkadk frb f001 0 eng d a0198775830 a0198296851 (pbk.) a9780198775836 aUKMcUKMdDLC00a339222bFAV1 aFavero, Carlo A.93809910aApplied macroeconometrics /cCarlo A. Favero. aOxford ;aNew York :bOxford University Press,c2002. axi, 282 p. :bcharts, forms, tables ;c25 cm. aReprint of the 2001 ed.  aIncludes bibliographical references and index. 0aMacroeconomicsxMethodology.2BUEsh 0aEconometrics.2BUEsh 2BUEsh bBUSECOcMay2015 vreading book934232 2ddc c19469d19441 00102ddc40708BaccahaMAINbMAINc1STd2015-05-27epurchaseg908.00l1m1o339 FAVp000038350q2024-03-14r2022-02-24 00:00:00s2022-02-24v1135.00yBB